| 000 | 00503nam a2200181Ia 4500 | ||
|---|---|---|---|
| 008 | 240925s9999 xx 000 0 und d | ||
| 020 | _a8170298911 | ||
| 082 | _a005.133 KAN | ||
| 100 | _aKanetkar, Yashavant | ||
| 245 | 0 | _aUnderstanding Pointer in C | |
| 250 | _aNA | ||
| 260 |
_aNew Delhi: _bBPB Publication _c,2000. |
||
| 300 |
_axvii,860p. _bNA _fOriginal |
||
| 500 | _aIncludes Index | ||
| 600 | _aEngineering Technology | ||
| 650 | _aComputer science, information & general works | ||
| 942 | _cBK | ||
| 999 |
_c6299 _d6299 |
||